| 000 | 00605nam a2200205Ia 4500 | ||
|---|---|---|---|
| 005 | 20210222133052.0 | ||
| 008 | 131103s9999 xx 000 0 und d | ||
| 040 | _aLoreto College | ||
| 041 | _aEnglish | ||
| 082 |
_a954.04 _bBRA |
||
| 100 | _aBrass,Paul R. | ||
| 245 | 4 |
_aThe New Cambridge History of India IV.I _b The politics of India since Independence _cPaul R.Brass |
|
| 250 | _a2nd edition | ||
| 260 |
_aNew Delhi _bCambridge University Press _c1990 |
||
| 300 | _axx,403 p. | ||
| 650 | _aHistory - India | ||
| 651 | _aPolitics Of India since Independence | ||
| 850 | _aLCLIB | ||
| 942 | _cBK | ||
| 999 |
_c19182 _d69661 |
||